| 000 | 00663nam a2200253Ia 4500 | ||
|---|---|---|---|
| 003 | OSt | ||
| 005 | 20140426084432.0 | ||
| 008 | 140130s9999 xx 000 0 und d | ||
| 020 | _a9780439314206 | ||
| 050 |
_aPZ 7 _b.M47879Fj 2003 |
||
| 100 | _aMcMullan, Kate. | ||
| 245 |
_cKate McMullan. _aFluffy goes apple picking / |
||
| 260 |
_bScholastic Inc., _cc2003. _aUSA : |
||
| 300 |
_a37 p. : _bcol. ill. ; _c23 cm. |
||
| 440 | _v1 | ||
| 521 | _aG1 | ||
| 526 | _c150 | ||
| 650 |
_aGuinea pigs _xFiction. |
||
| 650 |
_aSchool field trips _xFiction. Apples -- |
||
| 650 |
_aHarvesting _xFiction. |
||
| 942 |
_cBK _2lcc |
||
| 999 |
_c39877 _d39877 |
||